000 00791nam a2200217 4500
001 144311
003 ES-MaACL
005 20230906201006.0
007 t|
008 070214s1961 sp r ||||1| spa d
100 1 _aSinnott, Edmund Ware.
_9106646
245 1 0 _aPrincipios de Genética /
_cEdmund W. Sinnott, L. C. Dunn, Theodosius Dobzhansky ; traducción de la quinta edición por el Dr. Antonio Prevosti.
260 _aBarcelona :
_bOmega,
_c1961 (
_fGráf. Condal)
300 _a581 p. :
_bil. ;
_c23 cm.
500 _aTít. orig.: Principles of genetics.
700 1 _aDunn, Leslie Clarence.
_946058
700 1 _aDobzhansky, Theodosius Grigorievich.
_944952
700 1 _aPrevosti, Antonio.
_993823
740 0 _aPrinciples of genetics.
852 _aES-MaACL
_jC-20558
_bR.49073
999 _c144311
_d144311